Countries of the World (RUSSIAN) - Statistics

General Stats
  • This quiz has been taken 46 371 times
  • The average score is 91 of 196
Answers on the Map
Answers color-coded by a green-red scale on the quiz's map according to % correct below.
 
Answer Stats
Answer Континент % Correct
Россия е
97%
Китай аз
95%
Украина е
95%
Казахстан аз
94%
США с
94%
Канада с
93%
Япония аз
92%
Франция е
92%
Германия е
92%
Италия е
91%
Белоруссия е
90%
Австралия о
89%
Великобритания е
89%
Польша е
89%
Испания е
89%
Южная Корея аз
88%
Бразилия ю
88%
Турция аз
88%
Индия аз
87%
Швеция е
87%
Мексика с
85%
Монголия аз
85%
Северная Корея аз
84%
Египет аф
83%
Швейцария е
83%
Литва е
81%
Латвия е
81%
Норвегия е
81%
Финляндия е
80%
Аргентина ю
79%
Греция е
78%
Иран а
78%
Португалия е
78%
Австрия е
77%
Чехия е
76%
Ирак а
76%
Эстония е
76%
Дания е
75%
Ирландия е
74%
Узбекистан аз
74%
Чили ю
74%
Исландия е
73%
Мадагаскар аф
73%
Нигер аф
73%
Румыния е
73%
Словакия е
73%
Армения аз
72%
Молдова е
72%
Азербайджан аз
71%
Грузия аз
71%
Нидерланды е
70%
Киргизия аз
67%
Пакистан аз
67%
Бельгия е
67%
Болгария е
66%
Таджикистан аз
66%
Индонезия аз
65%
Южно-африканская республика аф
65%
Афганистан аз
65%
Алжир аф
65%
Туркменистан аз
65%
Новая Зеландия о
64%
Венгрия е
63%
Объединенные Арабские Эмираты аз
63%
Сербия е
63%
Хорватия е
62%
Израиль аз
62%
Саудовская Аравия аз
62%
Словения е
62%
Куба с
61%
Кипр е
60%
Нигерия аф
60%
Албания е
58%
Сирия аз
58%
Вьетнам аз
57%
Перу ю
56%
Колумбия ю
55%
Люксембург е
54%
Босния и Герцеговина е
53%
Марокко аф
53%
Уругвай ю
53%
Македония е
52%
Ватикан е
52%
Непал аз
50%
Черногория е
49%
Филиппины а
49%
Таиланд аз
49%
Венесуэла ю
49%
Ливия аф
48%
Сомали аф
47%
Тайвань аз
47%
Боливия ю
46%
Монако е
46%
Судан аф
46%
Тунис аф
45%
Бангладеш аз
45%
Шри-Ланка аз
45%
Косово е
44%
Оман аз
44%
Чад аф
43%
Малайзия аз
43%
Панама с
43%
Парагвай ю
43%
Катар аз
43%
Йемен аз
43%
Эфиопия аф
42%
Ямайка са
41%
Эквадор ю
41%
Мальдивы аз
38%
Гвинейская республика аф
38%
Лихтенштейн е
38%
Мальта е
37%
Ангола аф
36%
Бутан аз
36%
Сингапур аз
36%
Ливан аз
36%
Гондурас с
35%
Лаос аз
35%
Доминика с
35%
Иордания аз
34%
Кения аф
34%
Камбоджа аз
34%
Андорра е
34%
Мьянма аз
33%
Зимбабве аф
33%
Сан Марино е
33%
Мали аф
32%
Папуа - Новая Гвинея о
32%
Южный Судан аф
30%
Коста-Рика с
29%
Замбия аф
29%
Уганда аф
28%
Центральноафриканская республика аф
28%
Кувейт аз
27%
Гана аф
27%
Гаити с
26%
Демократическая республика Конго аф
26%
Гватемала с
25%
Мозамбик аф
24%
Мавритания аф
24%
Никарагуа с
24%
Эль Сальвадор с
24%
Танзания аф
24%
Намибия аф
23%
Сенегал аф
23%
Камерун аф
23%
Ботсвана аф
22%
Бахрейн аз
22%
Либерия аф
21%
Эритрея аф
21%
Гайана ю
20%
Суринам ю
20%
Республика Конго аф
19%
Габон аф
19%
Лесото аф
19%
Доминиканская Республика с
19%
Белиз с
19%
Фиджи о
18%
Багамские острова с
18%
Кот-д'Ивуар аф
18%
Бенин аф
17%
Сейшельские острова аф
17%
Тоголезская республика аф
17%
Федеративные штаты Микронезии о
15%
Руанда аф
15%
Бруней аз
15%
Экваториальная Гвинея аф
14%
Джибути аф
14%
Бурунди аф
14%
Палау о
13%
Буркина Фасо аф
13%
Гамбия аф
13%
Малави аф
13%
Восточный Тимор аз
13%
Барбадос с
13%
Маврикий аф
12%
Кирибати о
10%
Свазиленд аф
10%
Соломоновы Острова о
9%
Тонга о
9%
Маршалловы острова о
9%
Сьерра-Леоне аф
9%
Самоа о
9%
Тувалу о
9%
Кабо-Верде аф
9%
Тринидад и Тобаго ю
9%
Науру о
8%
Коморские острова аф
8%
Вануату о
8%
Антигуа и Барбуда с
8%
Гренада с
8%
Сент-Люсия с
7%
Гвинея Биссау аф
6%
Сент-Винсент и Гренадины с
6%
Сент-Китс и Невис с
6%
Сан-Томе и Принсипи аф
5%
No matching quizzes found
Score Distribution
Percent of People with Each Score
Percentile by Number Answered
Your Score History
You have not taken this quiz